Statistics for Ways to score in American Football

Click here to take the quiz!

General Stats

  • This quiz has been taken 98 times
    (88 since last reset)
  • The average score is 7 of 11

Answer Stats

# of PointsAnswer% Correct
Defensive | Offensive6Touchdown
100%
Offensive3Field Goal
96%
Defensive | Offensive2Safety
86%
Offensive1PAT (Extra Point)
75%
Defensive | Offensive2Two-Point Conversion
63%
Defensive1One-point Safety
11%
Offensive1One-Point Safety
9%
Neither2Opponent Forfeits
6%

Score Distribution

Percentile by Number Answered

Percent of People with Each Score

Your Score History

You have not taken this quiz since the last reset